-
BERSTEN, ANDREW D AND HANDY, JONATHAN M
Entry Personal Name
Number of records used in: 1
001 - CONTROL NUMBER
003 - CONTROL NUMBER IDENTIFIER
005 - DATE AND TIME OF LATEST TRANSACTION
- control field:
20250410114341.0
008 - FIXED-LENGTH DATA ELEMENTS
- fixed length control field:
250410|| aca||aabn | a|a d
040 ## - CATALOGING SOURCE
- Original cataloging agency:
JRU
- Transcribing agency:
JRU
100 ## - HEADING--PERSONAL NAME
- Personal name:
BERSTEN, ANDREW D AND HANDY, JONATHAN M
670 ## - SOURCE DATA FOUND
- Source citation:
Work cat.: (JRU)8736: BERSTEN, ANDREW D AND HANDY, JONATHAN M., OH'S INTENSIVE CARE MANUAL, 2019